|
|
|
|
| LEADER |
00000nam0a2200000 4500 |
| 001 |
56137 |
| 005 |
20231031053136.0 |
| 010 |
|
|
|a 5020294896
|
| 035 |
|
|
|a (RuTPU)RU\TPU\book\58930
|
| 090 |
|
|
|a 56137
|
| 100 |
|
|
|a 20030924d1990 k y0rusy50 ca
|
| 101 |
0 |
|
|a rus
|
| 102 |
|
|
|a RU
|
| 105 |
|
|
|a a z 001zy
|
| 200 |
1 |
|
|a Медь-никеленосные габброидные формации складчатых областей Сибири
|f Академия Наук СССР. Сибирское отделение; Под ред.: А. П. Кривенко, Г. В. Полякова
|
| 210 |
|
|
|a Новосибирск
|c Наука
|d 1990
|
| 215 |
|
|
|a 240 с.
|c ил.
|
| 225 |
1 |
|
|a Труды Института геологии и геофизики
|v Выпуск 775
|
| 300 |
|
|
|a В дар библиотеке к 100 юбилею от авторов.
|
| 320 |
|
|
|a Библиогр.: с. 223-235
|
| 610 |
1 |
|
|a медь
|
| 610 |
1 |
|
|a никель
|
| 610 |
1 |
|
|a формации
|
| 610 |
1 |
|
|a складчатые области
|
| 610 |
1 |
|
|a Сибирь
|
| 610 |
1 |
|
|a геохимия
|
| 610 |
1 |
|
|a геология
|
| 610 |
1 |
|
|a докембрий
|
| 675 |
|
|
|a 553.481.43
|v 3
|
| 675 |
|
|
|a 461/.68
|v 3
|
| 702 |
|
1 |
|a Кривенко
|b А. П.
|4 340
|
| 702 |
|
1 |
|a Поляков
|b Г. В.
|4 340
|
| 712 |
0 |
2 |
|a Академия Наук СССР
|b Сибирское отделение
|2 stltpush
|3 (RuTPU)RU\TPU\col\722
|
| 801 |
|
1 |
|a RU
|b 63413507
|c 20030924
|g PSBO
|
| 801 |
|
2 |
|a RU
|b 63413507
|c 20161111
|g PSBO
|
| 942 |
|
|
|c BK
|